[Event "World Amateur-ch U2000"]
[Site "Muscat"]
[Date "2023.11.10"]
[Round "9.18"]
[White "Voronenkov, Sergey"]
[Black "Fooladi, Behrooz"]
[Result "1-0"]
[WhiteElo "1986"]
[BlackElo "1842"]
[PlyCount "78"]
[EventDate "2023.11.02"]
[EventType "swiss"]
[EventRounds "9"]
[EventCountry "OMN"]
[SourceTitle "CBM 217 Extra"]
[Source "ChessBase"]
[SourceDate "2024.01.31"]
[SourceVersion "1"]
[SourceVersionDate "2024.01.31"]
[SourceQuality "1"]

1. e4 c5 2. Nf3 d6 3. d4 cxd4 4. Nxd4 Nf6 5. Nc3 a6 6. Be3 e6 7. f3 b5 8. Qd2 Nbd7 9. 0-0-0 b4 10. Na4 d5 11. Bd3 Bb7 12. exd5 Nxd5 13. Nb3 Rc8 14. Be4 Be7 15. Kb1 0-0 16. Qd3 f5 17. Bxd5 Bxd5 18. Qxa6 Qc7 19. Rxd5 exd5 20. Qe6+ Rf7 21. Qxd5 Qxc2+ 22. Ka1 Qc6 23. Qxc6 Rxc6 24. Rd1 Bd6 25. h3 Re7 26. Nd4 Rxe3 27. Nxc6 Ne5 28. Nd4 g6 29. Kb1 Bf8 30. Nb6 Kf7 31. Kc2 Bc5 32. Nd5 Nc4 33. Nb3 Bf8 34. Rd4 Re2+ 35. Kd3 Rxb2 36. Kxc4 Rxg2 37. Nd2 Bh6 38. f4 g5 39. Ne3 Bf8 1-0

[Event "World Amateur-ch U2000"]
[Site "Muscat"]
[Date "2023.11.08"]
[Round "7.20"]
[White "Voronenkov, Sergey"]
[Black "Ghorbani, Mohammad Mehdi"]
[Result "0-1"]
[WhiteElo "1986"]
[BlackElo "1722"]
[PlyCount "112"]
[EventDate "2023.11.02"]
[EventType "swiss"]
[EventRounds "9"]
[EventCountry "OMN"]
[SourceTitle "CBM 217 Extra"]
[Source "ChessBase"]
[SourceDate "2024.01.31"]
[SourceVersion "1"]
[SourceVersionDate "2024.01.31"]
[SourceQuality "1"]

1. Nf3 Nf6 2. c4 c5 3. g3 Nc6 4. Bg2 g6 5. 0-0 Bg7 6. Nc3 0-0 7. a3 d6 8. Rb1 Bg4 9. b4 Qd7 10. Re1 cxb4 11. axb4 Bxf3 12. Bxf3 Ne5 13. d3 Nxf3+ 14. exf3 Rfc8 15. Ne4 b6 16. Bb2 Nxe4 17. fxe4 Bxb2 18. Rxb2 b5 19. Qe2 Rc7 20. Rc1 Rb8 21. Qe3 bxc4 22. dxc4 Qa4 23. e5 Rxb4 24. exd6 exd6 25. Rd2 Rbxc4 26. Rxc4 Qxc4 27. Qe8+ Kg7 28. Rxd6 Rc8 29. Qe7 Ra8 30. Qf6+ Kg8 31. h4 h5 32. Ra6 Qe4 33. Qf4 Qb7 34. Qa4 Rc8 35. Qa3 Rd8 36. Rd6 Rxd6 37. Qxd6 Qb6 38. Qe5 Qd8 39. Qe4 a5 40. Qa4 Qd5 41. Kf1 Kh7 42. Ke2 Qc5 43. Qb3 Qe5+ 44. Kd2 Kg7 45. Qa4 Qc5 46. Qa1+ Kg8 47. Ke2 Qc4+ 48. Ke3 a4 49. Qa3 Qc2 50. f3 Qd1 51. Qc3 Qg1+ 52. Kf4 Qa7 53. Qa3 Qd4+ 54. Kg5 Kg7 55. Qe7 Qd2+ 56. f4 Qd5+ 0-1

[Event "World Amateur-ch U2000"]
[Site "Muscat"]
[Date "2023.11.02"]
[Round "1.3"]
[White "Voronenkov, Sergey"]
[Black "Winartha, Muhammad Abdillah F"]
[Result "1-0"]
[WhiteElo "1986"]
[BlackElo "1767"]
[PlyCount "99"]
[EventDate "2023.11.02"]
[EventType "swiss"]
[EventRounds "9"]
[EventCountry "OMN"]
[SourceTitle "CBM 217 Extra"]
[Source "ChessBase"]
[SourceDate "2024.01.31"]
[SourceVersion "1"]
[SourceVersionDate "2024.01.31"]
[SourceQuality "1"]

1. e4 c6 2. d4 d5 3. e5 c5 4. dxc5 e6 5. Be3 Nd7 6. Bb5 Qc7 7. Nf3 Bxc5 8. Bxc5 Qxc5 9. Nc3 Ne7 10. Qd4 Qc7 11. 0-0-0 Nc6 12. Qg4 0-0 13. Qg3 a6 14. Bxc6 bxc6 15. Rd4 f6 16. exf6 Qxg3 17. hxg3 Nxf6 18. Ne5 c5 19. Rdh4 Bb7 20. f3 Rad8 21. Na4 Rc8 22. g4 g5 23. Rh6 c4 24. Nb6 Rc7 25. f4 c3 26. b3 Ne4 27. Nbd7 Ng3 28. Nxf8 Nxh1 29. Nxe6 Re7 30. Nxg5 Ng3 31. Re6 Rxe6 32. Nxe6 d4 33. f5 Bd5 34. Nf4 Be4 35. f6 Bg6 36. Nfxg6 hxg6 37. Nf3 Ne4 38. g5 Kf7 39. Ne5+ Ke6 40. f7 Ke7 41. Nxg6+ Kxf7 42. Ne5+ Ke6 43. Nf3 Kd5 44. Kd1 Ng3 45. g6 Nf5 46. Ke2 Ke4 47. Ng5+ Kf4 48. Ne6+ Ke5 49. g7 Ne7 50. Nc7 1-0

[Event "Bodensee op"]
[Site "Bregenz"]
[Date "2016.05.08"]
[Round "9"]
[White "Voronenkov, Sergey"]
[Black "Bezler, Rainer"]
[Result "1-0"]
[WhiteElo "2021"]
[BlackElo "2246"]
[PlyCount "51"]
[EventDate "2016.04.30"]
[EventType "swiss"]
[EventRounds "9"]
[EventCountry "AUT"]
[SourceTitle "CBM 172 Extra"]
[Source "ChessBase"]
[SourceDate "2016.06.21"]
[SourceVersion "1"]
[SourceVersionDate "2016.06.21"]
[SourceQuality "1"]

1. e4 c5 2. Nf3 d6 3. d4 cxd4 4. Nxd4 Nf6 5. Nc3 g6 6. Be3 Bg7 7. f3 0-0 8. Qd2 Nc6 9. Bc4 Bd7 10. 0-0-0 Rc8 11. Bb3 Ne5 12. h4 h5 13. Bg5 Rc5 14. Kb1 Re8 15. Nde2 Qb8 16. Nf4 Nc4 17. Bxc4 Rxc4 18. Nfd5 Nxd5 19. Nxd5 f6 20. Be3 b5 21. b3 Rc6 22. Qa5 Be6 23. Nb4 Rc3 24. Bd4 f5 25. Na6 Qc8 26. Qxc3 1-0

[Event "Chigorin Memorial 23rd"]
[Site "St Petersburg"]
[Date "2015.10.08"]
[Round "6"]
[White "Voronenkov, Sergey"]
[Black "Shadunts, Kirill"]
[Result "1-0"]
[WhiteElo "1926"]
[BlackElo "1715"]
[PlyCount "101"]
[EventDate "2015.10.03"]
[EventType "swiss"]
[EventRounds "9"]
[EventCountry "RUS"]
[SourceTitle "CBM 168 Extra"]
[Source "ChessBase"]
[SourceDate "2015.10.29"]
[SourceVersion "1"]
[SourceVersionDate "2015.10.29"]
[SourceQuality "1"]

1. e4 e6 2. d4 d5 3. Nc3 Bb4 4. e5 c5 5. a3 Bxc3+ 6. bxc3 Qc7 7. Qg4 f5 8. Qg3 cxd4 9. cxd4 Ne7 10. c3 0-0 11. a4 b6 12. Ba3 Ba6 13. Bd6 Qd7 14. Bxa6 Nxa6 15. Ne2 Nb8 16. Nf4 Rf7 17. 0-0 Nbc6 18. Qd3 Na5 19. Qb5 Nec6 20. Qe2 Nd8 21. Rfb1 Rc8 22. Bb4 Ndb7 23. Qa6 Ra8 24. Bxa5 Nxa5 25. Rxb6 axb6 26. Qxa8+ Rf8 27. Qa6 Nc4 28. Qb5 Qe7 29. Nxd5 exd5 30. Qxd5+ Qf7 31. e6 Qe7 32. Qxc4 Rd8 33. d5 h6 34. Rd1 Kf8 35. Qf4 Qxe6 36. c4 Qd7 37. g4 g5 38. Qd4 Qxa4 39. Qf6+ Ke8 40. Re1+ Kd7 41. Qxf5+ Kc7 42. Re7+ Kb8 43. Qe5+ Ka8 44. Qe4 Qa6 45. d6+ Kb8 46. d7 Qa7 47. Qd4 Qc7 48. Re8 Kb7 49. Qe4+ Ka7 50. Rxd8 Qxd8 51. Qe8 1-0

[Event "Chigorin Memorial 22nd"]
[Site "St Petersburg"]
[Date "2014.10.24"]
[Round "7"]
[White "Voronenkov, Sergey"]
[Black "Khadzhiev, Valery"]
[Result "0-1"]
[WhiteElo "1950"]
[BlackElo "2134"]
[PlyCount "50"]
[EventDate "2014.10.18"]
[EventType "swiss"]
[EventRounds "9"]
[EventCountry "RUS"]
[SourceTitle "EXT 2015"]
[Source "ChessBase"]
[SourceDate "2014.11.20"]
[SourceVersion "1"]
[SourceVersionDate "2014.11.20"]
[SourceQuality "1"]

1. e4 e6 2. d4 d5 3. Nc3 Bb4 4. e5 c5 5. a3 Bxc3+ 6. bxc3 Qa5 7. Bd2 Qa4 8. Qg4 g6 9. Kd1 Nc6 10. Nf3 Nge7 11. Qf4 cxd4 12. cxd4 h6 13. g4 Bd7 14. Bd3 Rh7 15. Ke2 g5 16. Qe3 Rg7 17. h4 0-0-0 18. h5 Na5 19. Rhb1 Nc4 20. Bxc4 dxc4 21. Rb4 Qc6 22. d5 Qxd5 23. Qxa7 Bc6 24. Rd1 Qxf3+ 25. Ke1 Qh1+ 0-1

[Event "Chigorin Memorial 22nd"]
[Site "St Petersburg"]
[Date "2014.10.20"]
[Round "3"]
[White "Voronenkov, Sergey"]
[Black "Gantsevich, Dmitry"]
[Result "1-0"]
[WhiteElo "1950"]
[BlackElo "1698"]
[PlyCount "121"]
[EventDate "2014.10.18"]
[EventType "swiss"]
[EventRounds "9"]
[EventCountry "RUS"]
[SourceTitle "EXT 2015"]
[Source "ChessBase"]
[SourceDate "2014.11.20"]
[SourceVersion "1"]
[SourceVersionDate "2014.11.20"]
[SourceQuality "1"]

1. e4 c5 2. Nf3 d6 3. d4 cxd4 4. Nxd4 Nf6 5. Nc3 a6 6. Be3 e5 7. Nb3 Be6 8. f3 Be7 9. Qd2 Nbd7 10. g4 0-0 11. 0-0-0 b5 12. g5 b4 13. Ne2 Ne8 14. Kb1 a5 15. f4 g6 16. h4 a4 17. Nbc1 Nb6 18. Ng3 Ng7 19. f5 gxf5 20. exf5 Nxf5 21. Nxf5 Bxf5 22. Qf2 Qc8 23. Bxb6 b3 24. Rd2 Bxc2+ 25. Ka1 a3 26. Bd3 axb2+ 27. Kxb2 Bxd3 28. Rxd3 Qb7 29. Rf1 Ra6 30. Rxb3 Qc6 31. Be3 Qc4 32. Qe2 Qc6 33. Qc2 Qa4 34. h5 Rc6 35. Qd3 Rfc8 36. Rf2 d5 37. Qf5 Rf8 38. Qxe5 Re6 39. Qd4 Qd7 40. Bd2 Re4 41. Qd3 Qe6 42. Re2 Qe5+ 43. Kb1 Bxg5 44. Bxg5 Qxg5 45. Rxe4 dxe4 46. Qxe4 Qxh5 47. Ne2 f6 48. Nd4 Qd1+ 49. Kb2 Qd2+ 50. Nc2 Kh8 51. Rb7 Qh6 52. a4 f5 53. Qd4+ Kg8 54. Ne3 f4 55. Ng4 Qg6 56. Qd5+ Kh8 57. Ne5 Qf6 58. Qe4 Qf5 59. Qxf5 Rxf5 60. Nf7+ Rxf7 61. Rxf7 1-0

[Event "Chigorin Memorial 21st"]
[Site "St Petersburg"]
[Date "2013.10.13"]
[Round "9"]
[White "Gadzhiev, Farid"]
[Black "Voronenkov, Sergey"]
[Result "0-1"]
[WhiteElo "1887"]
[BlackElo "2019"]
[PlyCount "80"]
[EventDate "2013.10.05"]
[EventType "swiss"]
[EventRounds "9"]
[EventCountry "RUS"]
[SourceTitle "CBM 156 Extra"]
[Source "ChessBase"]
[SourceDate "2013.10.22"]
[SourceVersion "1"]
[SourceVersionDate "2013.10.22"]
[SourceQuality "1"]

1. e4 e5 2. Nf3 Nf6 3. d4 Nxe4 4. Bd3 d5 5. Nxe5 Bd6 6. 0-0 0-0 7. c4 c6 8. Nc3 Nxc3 9. bxc3 Nd7 10. Nxd7 Bxd7 11. cxd5 cxd5 12. Qh5 f5 13. Qf3 Qa5 14. Bc2 Rae8 15. Bb3 Re4 16. Bd2 Ba4 17. Rfd1 Bxb3 18. axb3 Qb6 19. Rab1 Qc7 20. h3 b5 21. Qd3 a6 22. Ra1 Qc6 23. Ra2 Bc7 24. Bc1 Rfe8 25. Kf1 Qe6 26. Bd2 Qd6 27. g3 Qe6 28. Rda1 f4 29. g4 Qg6 30. Qf3 a5 31. c4 bxc4 32. bxc4 Qa6 33. Ra4 dxc4 34. Bxa5 c3+ 35. Kg2 c2 36. Qb3+ Kh8 37. Bxc7 Qc6 38. Rc4 Qd5 39. Qf3 Qxc4 40. Qxe4 Rxe4 0-1

[Event "Chigorin Memorial 21st"]
[Site "St Petersburg"]
[Date "2013.10.12"]
[Round "8"]
[White "Voronenkov, Sergey"]
[Black "Melnikov, Dmitry"]
[Result "0-1"]
[WhiteElo "2019"]
[BlackElo "2311"]
[PlyCount "108"]
[EventDate "2013.10.05"]
[EventType "swiss"]
[EventRounds "9"]
[EventCountry "RUS"]
[SourceTitle "CBM 156 Extra"]
[Source "ChessBase"]
[SourceDate "2013.10.22"]
[SourceVersion "1"]
[SourceVersionDate "2013.10.22"]
[SourceQuality "1"]

1. e4 c6 2. d4 Na6 3. Nc3 Nc7 4. Bf4 g6 5. Nf3 Bg7 6. Bc4 d5 7. Bxc7 Qxc7 8. exd5 Nf6 9. dxc6 0-0 10. Ne5 bxc6 11. 0-0 c5 12. Nb5 Qb6 13. dxc5 Qxc5 14. Qd4 Qxd4 15. Nxd4 Nd7 16. Nec6 Nb6 17. Bb3 Bb7 18. Nxe7+ Kh8 19. c3 Rfd8 20. Rad1 Rd6 21. Rfe1 Bf6 22. Re3 Rad8 23. Rde1 Bxd4 24. cxd4 Rxd4 25. Bxf7 Rd2 26. b4 Rf8 27. Nxg6+ hxg6 28. Bxg6 Rfxf2 29. Re8+ Kg7 30. R1e7+ Kxg6 31. Rg8+ Kf6 32. Rxb7 Ke5 33. Rxa7 Nd5 34. Rd7 Nxb4 35. Re8+ Kf6 36. Rf8+ Ke6 37. Rxf2 Rxd7 38. h4 Ra7 39. Kh2 Nxa2 40. Kh3 Nc3 41. h5 Ne4 42. Rb2 Kf5 43. Rb5+ Kf4 44. Rb8 Ra1 45. Kh2 Nf6 46. g3+ Kg4 47. h6 Ra2+ 48. Kg1 Kxg3 49. Kf1 Rh2 50. Ra8 Ne4 51. Re8 Kf3 52. Rf8+ Ke3 53. Ra8 Nd2+ 54. Kg1 Nf3+ 0-1

[Event "Chigorin Memorial 21st"]
[Site "St Petersburg"]
[Date "2013.10.09"]
[Round "5"]
[White "Voronenkov, Sergey"]
[Black "Skafar, Darya"]
[Result "1/2-1/2"]
[WhiteElo "2019"]
[BlackElo "1828"]
[PlyCount "181"]
[EventDate "2013.10.05"]
[EventType "swiss"]
[EventRounds "9"]
[EventCountry "RUS"]
[SourceTitle "CBM 156 Extra"]
[Source "ChessBase"]
[SourceDate "2013.10.22"]
[SourceVersion "1"]
[SourceVersionDate "2013.10.22"]
[SourceQuality "1"]

1. e4 e5 2. Nf3 Nc6 3. Bb5 a6 4. Ba4 Nf6 5. 0-0 Be7 6. Re1 b5 7. Bb3 0-0 8. d4 d6 9. c3 Bg4 10. Be3 exd4 11. cxd4 Na5 12. Bc2 c5 13. h3 Bh5 14. g4 Bg6 15. Nbd2 Re8 16. Rc1 Rc8 17. b3 c4 18. bxc4 Nxc4 19. Nxc4 Rxc4 20. e5 dxe5 21. Bxg6 hxg6 22. Rxc4 bxc4 23. dxe5 Nd5 24. Qa4 Nxe3 25. Rxe3 Bc5 26. Re1 c3 27. Rc1 Re6 28. Rxc3 Qb6 29. Qc2 Bf8 30. Rc8 Qb7 31. Qc5 Qe7 32. Qc3 Qb7 33. Kh2 Qb6 34. Kg3 Qb7 35. Qc4 Qb5 36. Qf4 Qb7 37. Qc4 Qb5 38. Qf4 Qb7 39. Ng5 Re7 40. Rc3 Qb2 41. Qc4 Qb5 42. f4 Qb1 43. Rc1 Qb6 44. Qb3 Qd4 45. Rd1 Qa7 46. Nf3 Rb7 47. Qd5 Rb2 48. Rd2 Rb5 49. Qd4 Qb7 50. Qd7 Qe4 51. Qd3 Qxd3 52. Rxd3 Rb2 53. Rd2 Rb4 54. Nd4 Bc5 55. Nc6 Rc4 56. f5 gxf5 57. gxf5 Be3 58. Rd3 Bf2+ 59. Kxf2 Rxc6 60. Kf3 Rc5 61. Ke4 Ra5 62. a3 Ra4+ 63. Kd5 Rf4 64. Rd4 Rxf5 65. Ke4 Rh5 66. Rd6 Rh4+ 67. Kf5 Ra4 68. Rd3 Kf8 69. Rb3 g6+ 70. Kg5 Re4 71. Rb8+ Kg7 72. Rb6 Rxe5+ 73. Kf4 Ra5 74. Rb3 g5+ 75. Kg4 Kg6 76. Kg3 Ra4 77. Rc3 f6 78. Rd3 Kf5 79. Kf3 Kg6 80. Kg3 f5 81. Rd6+ Kh5 82. Rd3 Rc4 83. Rb3 a5 84. Rb5 Rc3+ 85. Kg2 Rxa3 86. Rxf5 a4 87. Rf8 Ra1 88. Ra8 Ra3 89. Ra6 Ra2+ 90. Kg3 Ra1 91. Kg2 1/2-1/2

[Event "Chigorin Memorial 21st"]
[Site "St Petersburg"]
[Date "2013.10.08"]
[Round "4"]
[White "Cheremnova, Tamara"]
[Black "Voronenkov, Sergey"]
[Result "1-0"]
[WhiteElo "2289"]
[BlackElo "2019"]
[PlyCount "107"]
[EventDate "2013.10.05"]
[EventType "swiss"]
[EventRounds "9"]
[EventCountry "RUS"]
[SourceTitle "CBM 156 Extra"]
[Source "ChessBase"]
[SourceDate "2013.10.22"]
[SourceVersion "1"]
[SourceVersionDate "2013.10.22"]
[SourceQuality "1"]

1. d4 Nf6 2. c4 g6 3. g3 d5 4. cxd5 Nxd5 5. Bg2 Bg7 6. Nf3 0-0 7. 0-0 Na6 8. e4 Nb6 9. Nc3 c5 10. d5 e6 11. Bg5 f6 12. Bc1 e5 13. b3 Bd7 14. Bb2 Nc8 15. Nd2 Nd6 16. Nc4 Nf7 17. a4 Nc7 18. Ba3 b6 19. Qd3 Re8 20. f4 exf4 21. gxf4 Rb8 22. Rae1 a6 23. Nd2 Bf8 24. Bb2 b5 25. axb5 Nxb5 26. Nxb5 Bxb5 27. Nc4 Nd6 28. Rf2 Bxc4 29. bxc4 Rb4 30. Rc1 Nf7 31. Bc3 Rb3 32. Qc2 Rb7 33. Qa4 Qc8 34. Bxf6 Rb4 35. Qc2 Nd6 36. Qd3 Qb7 37. Bc3 Rb3 38. e5 Nf5 39. d6 Qb6 40. Qd5+ Kh8 41. d7 Rd8 42. e6+ Rxc3 43. Rxc3 Bg7 44. Rd3 Bf6 45. Rf1 Kg7 46. Bh3 Nd4 47. Re1 Kf8 48. e7+ Bxe7 49. Rxe7 Kxe7 50. Re3+ Kf8 51. Qe5 Qb1+ 52. Bf1 Qb6 53. Qe7+ Kg8 54. Qxd8+ 1-0

[Event "Chigorin Memorial 21st"]
[Site "St Petersburg"]
[Date "2013.10.05"]
[Round "1"]
[White "Matinian, Nikita"]
[Black "Voronenkov, Sergey"]
[Result "1-0"]
[WhiteElo "2472"]
[BlackElo "2019"]
[PlyCount "43"]
[EventDate "2013.10.05"]
[EventType "swiss"]
[EventRounds "9"]
[EventCountry "RUS"]
[SourceTitle "CBM 156 Extra"]
[Source "ChessBase"]
[SourceDate "2013.10.22"]
[SourceVersion "1"]
[SourceVersionDate "2013.10.22"]
[SourceQuality "1"]

1. e4 c5 2. Nf3 d6 3. d4 cxd4 4. Nxd4 Nf6 5. Nc3 a6 6. h3 e5 7. Nde2 h5 8. Bg5 Nbd7 9. Nd5 Be7 10. Nxe7 Qxe7 11. Nc3 Qe6 12. Qd2 b5 13. 0-0-0 Bb7 14. f3 b4 15. Nd5 Nxd5 16. exd5 Qg6 17. Bd3 f5 18. g4 hxg4 19. hxg4 Rxh1 20. Rxh1 Qf7 21. Bxf5 Qxd5 22. Bg6+ 1-0

[Event "Chigorin Memorial 20th"]
[Site "St Petersburg"]
[Date "2012.11.01"]
[Round "6"]
[White "Hairapetian, Anna"]
[Black "Voronenkov, Sergey"]
[Result "0-1"]
[WhiteElo "2185"]
[BlackElo "2020"]
[PlyCount "122"]
[EventDate "2012.10.27"]
[EventType "swiss"]
[EventRounds "9"]
[EventCountry "RUS"]
[SourceTitle "EXT 2013"]
[Source "ChessBase"]
[SourceDate "2012.11.22"]
[SourceVersion "1"]
[SourceVersionDate "2012.11.22"]
[SourceQuality "1"]

1. e4 c5 2. Nf3 d6 3. d4 cxd4 4. Nxd4 Nf6 5. Nc3 a6 6. Be2 e5 7. Nb3 Be6 8. 0-0 Be7 9. Re1 0-0 10. Bf3 Nc6 11. Nd5 Bxd5 12. exd5 Na5 13. Nd2 Qc7 14. Nf1 Nd7 15. g4 Rac8 16. Be4 g6 17. Bh6 Rfe8 18. Bd3 Nc4 19. Bc1 Bh4 20. b3 Qc5 21. Ng3 Qd4 22. Rb1 Ncb6 23. c4 e4 24. Be2 Qxd1 25. Bxd1 Nc5 26. Bc2 Bxg3 27. hxg3 Nbd7 28. Bf4 Ne5 29. Re2 g5 30. Be3 Ncd3 31. Kg2 h6 32. Bb6 Nxg4 33. Rxe4 Rxe4 34. Bxd3 Re5 35. Bd4 Rce8 36. Bxe5 Rxe5 37. b4 Nf6 38. b5 a5 39. b6 Nd7 40. a4 Nc5 41. Bf1 Re4 42. Rb5 Nxa4 43. Rxa5 Nxb6 44. Rb5 Nxc4 45. Rxb7 Nd2 46. Ba6 Rd4 47. Rb5 Ne4 48. Bb7 Rd2 49. Kf3 f5 50. Bc8 Rxf2+ 51. Ke3 Rf1 52. g4 Re1+ 53. Kf3 f4 54. Be6+ Kg7 55. Rb7+ Kf6 56. Rh7 Re3+ 57. Kg2 f3+ 58. Kf1 Ke5 59. Rf7 Ra3 60. Kg1 Ra1+ 61. Kh2 f2 0-1

[Event "Chigorin Memorial 20th"]
[Site "St Petersburg"]
[Date "2012.10.30"]
[Round "4"]
[White "Drachev, Oleg"]
[Black "Voronenkov, Sergey"]
[Result "0-1"]
[WhiteElo "2220"]
[BlackElo "2020"]
[PlyCount "120"]
[EventDate "2012.10.27"]
[EventType "swiss"]
[EventRounds "9"]
[EventCountry "RUS"]
[SourceTitle "EXT 2013"]
[Source "ChessBase"]
[SourceDate "2012.11.22"]
[SourceVersion "1"]
[SourceVersionDate "2012.11.22"]
[SourceQuality "1"]

1. e4 c5 2. Nf3 d6 3. Bb5+ Bd7 4. Bxd7+ Qxd7 5. c4 Nf6 6. Nc3 Nc6 7. d4 cxd4 8. Nxd4 g6 9. f3 Bg7 10. Nce2 0-0 11. b3 a6 12. Bb2 Rfc8 13. 0-0 b5 14. cxb5 Nxd4 15. Nxd4 axb5 16. Qd3 b4 17. Rfc1 Qa7 18. Rxc8+ Rxc8 19. Kh1 Nd7 20. Qd2 Qb6 21. h3 Rc5 22. Re1 Ra5 23. Ra1 d5 24. Ne2 Bxb2 25. Qxb2 dxe4 26. fxe4 Qf2 27. Qd4 Qxe2 28. Qxd7 Rg5 29. Qd8+ Kg7 30. Qd4+ e5 31. Qg1 Qxe4 32. a4 bxa3 33. Rxa3 Rg3 34. Kh2 Qb4 35. Qa1 Rc3 36. Ra4 Qxb3 37. Ra5 Qb4 38. Ra4 Qc5 39. Qf1 Qe3 40. Ra1 h5 41. Ra6 Qg3+ 42. Kh1 Qg5 43. Kh2 Re3 44. Kh1 Qh4 45. Ra1 Qe4 46. Kh2 Qf4+ 47. Qxf4 exf4 48. Kg1 Re2 49. Kf1 Rb2 50. Kg1 g5 51. Ra5 Kg6 52. Ra6+ f6 53. Ra4 Rd2 54. Rb4 Kf5 55. Rb5+ Ke4 56. Rb4+ Ke5 57. Rb8 f3 58. gxf3 Kf4 59. Rb4+ Kg3 60. Kf1 Rf2+ 0-1

[Event "Chigorin Memorial 20th"]
[Site "St Petersburg"]
[Date "2012.10.28"]
[Round "2"]
[White "Zalkind, Konstantin"]
[Black "Voronenkov, Sergey"]
[Result "1-0"]
[WhiteElo "2232"]
[BlackElo "2020"]
[PlyCount "99"]
[EventDate "2012.10.27"]
[EventType "swiss"]
[EventRounds "9"]
[EventCountry "RUS"]
[SourceTitle "EXT 2013"]
[Source "ChessBase"]
[SourceDate "2012.11.22"]
[SourceVersion "1"]
[SourceVersionDate "2012.11.22"]
[SourceQuality "1"]

1. d4 Nf6 2. c4 g6 3. Nc3 d5 4. cxd5 Nxd5 5. Bd2 Bg7 6. e4 Nb6 7. Be3 0-0 8. h3 Nc6 9. Nf3 e5 10. d5 Ne7 11. Bc5 f6 12. Be2 Rf7 13. Qb3 Bd7 14. Bxb6 axb6 15. d6 Nc6 16. Bc4 Be8 17. dxc7 Qxc7 18. 0-0 Na5 19. Bxf7+ Bxf7 20. Nd5 Nxb3 21. Nxc7 Rc8 22. axb3 Rxc7 23. Rfc1 Rxc1+ 24. Rxc1 Bf8 25. Rc7 Bxb3 26. Nd2 Bf7 27. Rxb7 Bc5 28. Nb1 Bd4 29. Nc3 f5 30. exf5 gxf5 31. g4 fxg4 32. hxg4 Kg7 33. Kg2 Kg6 34. f3 Bc4 35. Ne4 h5 36. Rc7 Bb5 37. gxh5+ Kxh5 38. b3 Kg6 39. Kg3 Bd3 40. Kg4 Be2 41. Rc6+ Kf7 42. Nd6+ Ke6 43. Nf5+ Kd7 44. Rd6+ Kc7 45. Nxd4 Bxf3+ 46. Kxf3 Kxd6 47. Nc2 Kd5 48. Ke3 b5 49. Kd3 e4+ 50. Ke3 1-0

[Event "St Petersburg Botvinnik Memorial op"]
[Site "St Petersburg"]
[Date "2012.09.02"]
[Round "9"]
[White "Voronenkov, Sergey"]
[Black "Nikitinyh, Boris Aleksandrovic"]
[Result "0-1"]
[WhiteElo "2012"]
[BlackElo "2185"]
[PlyCount "90"]
[EventDate "2012.08.25"]
[EventType "swiss"]
[EventRounds "9"]
[EventCountry "RUS"]
[SourceTitle "CBM 150 Extra"]
[Source "ChessBase"]
[SourceDate "2012.10.19"]
[SourceVersion "1"]
[SourceVersionDate "2012.10.19"]
[SourceQuality "1"]

1. e4 c6 2. d4 d5 3. Nc3 dxe4 4. Nxe4 Bf5 5. Ng3 Bg6 6. h4 h6 7. Nf3 Nd7 8. h5 Bh7 9. Bd3 Bxd3 10. Qxd3 Qb6 11. Bf4 Ngf6 12. 0-0-0 e6 13. Ne5 Nd5 14. Nxd7 Nxf4 15. Qf3 Qc7 16. Ne5 Nd5 17. Rhe1 Bd6 18. Nf5 Bxe5 19. Rxe5 0-0-0 20. c4 Nb6 21. c5 Nc4 22. Qe2 Nxe5 23. Nd6+ Kb8 24. dxe5 Rd7 25. Kb1 Ka8 26. Rd3 b6 27. Qe4 bxc5 28. Rc3 Rhd8 29. Rxc5 Rxd6 30. exd6 Rxd6 31. a3 Rd5 32. Qc2 Kb7 33. Qc3 f6 34. Rxd5 cxd5 35. Qb4+ Kc6 36. Qf8 e5 37. a4 d4 38. b4 Kd5 39. Qg8+ Ke4 40. Qb3 Qc3 41. Qc2+ Qxc2+ 42. Kxc2 Kd5 43. Kb3 f5 44. a5 a6 45. g3 e4 0-1

[Event "St Petersburg Botvinnik Memorial op"]
[Site "St Petersburg"]
[Date "2012.08.30"]
[Round "6"]
[White "Kukhmazov, Arsen"]
[Black "Voronenkov, Sergey"]
[Result "1/2-1/2"]
[WhiteElo "2154"]
[BlackElo "2012"]
[PlyCount "81"]
[EventDate "2012.08.25"]
[EventType "swiss"]
[EventRounds "9"]
[EventCountry "RUS"]
[SourceTitle "CBM 150 Extra"]
[Source "ChessBase"]
[SourceDate "2012.10.19"]
[SourceVersion "1"]
[SourceVersionDate "2012.10.19"]
[SourceQuality "1"]

1. d4 Nf6 2. c4 g6 3. g3 d5 4. Bg2 Bg7 5. cxd5 Nxd5 6. Nf3 0-0 7. 0-0 c5 8. e4 Nf6 9. e5 Nd5 10. Nc3 Nc6 11. Nxd5 Qxd5 12. Be3 Bg4 13. h3 Bxf3 14. Bxf3 Qd7 15. dxc5 Qxd1 16. Raxd1 Bxe5 17. Rd7 Rab8 18. Bxc6 bxc6 19. b3 a5 20. Rxe7 Rfe8 21. Rxe8+ Rxe8 22. Rd1 Bxg3 23. Rd7 Be5 24. Ra7 Bc3 25. Rc7 Re6 26. Kg2 Kg7 27. Kf3 h5 28. Ra7 Kf6 29. Bf4 g5 30. Bc7 Bb4 31. Bd6 Kg6 32. Ra6 f5 33. Rxc6 g4+ 34. Kg2 Bxc5 35. Rxc5 Rxd6 36. Rxa5 Rd2 37. hxg4 fxg4 38. a4 h4 39. Ra6+ Kf5 40. Ra5+ Kf4 41. Ra8 1/2-1/2

[Event "St Petersburg Autumn op"]
[Site "St Petersburg"]
[Date "2010.10.24"]
[Round "9"]
[White "Rodkin, Felix"]
[Black "Voronenkov, Sergey"]
[Result "1-0"]
[WhiteElo "2150"]
[BlackElo "2036"]
[PlyCount "65"]
[EventDate "2010.10.16"]
[EventType "swiss"]
[EventRounds "9"]
[EventCountry "RUS"]
[SourceTitle "EXT 2011"]
[Source "ChessBase"]
[SourceDate "2010.11.26"]
[SourceVersion "1"]
[SourceVersionDate "2010.11.26"]
[SourceQuality "1"]

1. e4 c5 2. d4 cxd4 3. Qxd4 Nc6 4. Qe3 e6 5. Nc3 Nf6 6. Bd2 d5 7. exd5 Nxd5 8. Nxd5 Qxd5 9. c4 Qc5 10. Nf3 Nb4 11. Qb3 Bd7 12. Be2 Be7 13. 0-0 Bc6 14. Bc3 0-0 15. Ne5 Be4 16. a3 Nc2 17. Rad1 Rfd8 18. Bf3 Nd4 19. Bxd4 Rxd4 20. Bxe4 Qxe5 21. Qxb7 Qxe4 22. Qxe7 Rxd1 23. Rxd1 g6 24. c5 Qe2 25. Qd6 Qxb2 26. c6 Qc2 27. Qd7 Kg7 28. Rf1 Qa4 29. Qb7 Rf8 30. Qb2+ Kg8 31. Rc1 Qa6 32. Rc3 Rc8 33. Qb7 1-0

[Event "St Petersburg Autumn op"]
[Site "St Petersburg"]
[Date "2010.10.23"]
[Round "8"]
[White "Voronenkov, Sergey"]
[Black "Mikhailov, Ivan"]
[Result "1-0"]
[WhiteElo "2036"]
[BlackElo "1949"]
[PlyCount "103"]
[EventDate "2010.10.16"]
[EventType "swiss"]
[EventRounds "9"]
[EventCountry "RUS"]
[SourceTitle "EXT 2011"]
[Source "ChessBase"]
[SourceDate "2010.11.26"]
[SourceVersion "1"]
[SourceVersionDate "2010.11.26"]
[SourceQuality "1"]

1. e4 c5 2. Nf3 Nc6 3. d4 cxd4 4. Nxd4 g6 5. Nc3 Bg7 6. Be3 Nf6 7. Bc4 0-0 8. Bb3 a5 9. a4 Ng4 10. Nxc6 Nxe3 11. Nxd8 Nxd1 12. Nxd1 Rxd8 13. c3 d6 14. Ne3 Bd7 15. Nd5 Kf8 16. Nb6 Ra6 17. Nxd7+ Rxd7 18. Bc4 Ra8 19. Ke2 e6 20. Rhd1 Rad8 21. Bb5 Rc7 22. Rd2 d5 23. Rad1 Rc5 24. f4 f5 25. e5 g5 26. g3 gxf4 27. gxf4 Bh6 28. Kf3 Kf7 29. c4 Ke7 30. b3 Rcc8 31. Rd4 dxc4 32. Rd7+ Rxd7 33. Rxd7+ Kf8 34. Bxc4 Re8 35. Rxb7 Re7 36. Rb5 Kf7 37. Rxa5 Bf8 38. Ra6 Re8 39. a5 Bb4 40. Ra7+ Re7 41. Rxe7+ Kxe7 42. a6 Bc5 43. b4 Bb6 44. Kg3 Bd4 45. Kh4 Bf2+ 46. Kg5 Be3 47. h4 Kf7 48. b5 Ke7 49. Kh6 Bxf4+ 50. Kxh7 Be3 51. Kg6 f4 52. h5 1-0